יישובי קו העימות הצפוני - Statistics

General Stats
  • This quiz has been taken 18 times
  • The average score is 21 of 82
Answer Stats
שם הישוב % Correct
מטולה
100%
מעלות תרשיחא
86%
קריית שמונה
86%
שלומי
86%
ראש הנקרה
71%
דן
57%
דפנה
57%
חניתה
57%
יפתח
57%
לימן
57%
מנרה
57%
נהריה
57%
אביבים
43%
אדמית
43%
אילון
43%
בצת
43%
גשר הזיו
43%
דוב"ב
43%
מלכיה
43%
מצובה
43%
מתת
43%
סאסא
43%
פקיעין
43%
רמות נפתלי
43%
שומרה
43%
שניר
43%
אבן מנחם
29%
בית הלל
29%
ברעם
29%
זרעית
29%
יערה
29%
יראון
29%
כברי
29%
כפר ורדים
29%
מרגליות
29%
נטועה
29%
סער
29%
ערב אל עראמשה
29%
אבירים
14%
בן עמי
14%
גונן
14%
גורן
14%
דישון
14%
דלתון
14%
חוסן
14%
חורפיש
14%
כפר בלום
14%
כפר גלעדי
14%
מירון
14%
מנות
14%
מעיין ברוך
14%
מצפה הילה
14%
משגב עם
14%
נאות מרדכי
14%
עבדון
14%
עברון
14%
עלמה
14%
עמיר
14%
פסוטה
14%
צבעון
14%
ע'ג'ר
14%
ריחאניה
14%
שדה נחמיה
14%
שתולה
14%
אלקוש
0%
בר יוחאי
0%
ג'ש (גוש חלב)
0%
געתון
0%
גורנות הגליל
0%
הגושרים
0%
כפר יובל
0%
כפר סאלד
0%
כרם בן זמרה
0%
מעונה
0%
מעיליא
0%
נווה זיו
0%
עין יעקב
0%
פקיעין החדשה
0%
צוריאל
0%
שאר ישוב
0%
שבי ציון
0%
שמיר
0%
No matching quizzes found
Score Distribution
Percent of People with Each Score
Percentile by Number Answered
Your Score History
You have not taken this quiz